000 00345nam a2200133Ia 4500
008 240624s9999 xx 000 0 und d
041 _aeng
082 _a658.3124 ROS
100 _aROSS STANLEY C
245 _aTRAINING AND DEVELOPMENT IN ORGANIZATION
260 _c2019
_aLondon
_bRoutledge
300 _avi, 210 p.; 23 cm.
365 _cBPS
_b35
999 _c31636
_d31636